[Event "Tarragona-ch Seniors"]
[Site "Cambrils"]
[Date "2020.03.05"]
[Round "7.3"]
[White "Regue Farran, Enric"]
[Black "Llort Puig, Joan"]
[Result "1-0"]
[WhiteElo "1932"]
[BlackElo "1756"]
[PlyCount "59"]
[EventDate "2020.01.23"]
[EventType "swiss"]
[EventRounds "8"]
[EventCountry "ESP"]
[SourceTitle "EXT 2024"]
[Source "ChessBase"]
[SourceDate "2023.10.10"]
[SourceVersion "1"]
[SourceVersionDate "2023.10.10"]
[SourceQuality "1"]

1. e4 c5 2. f4 Nc6 3. Nf3 g6 4. Nc3 Bg7 5. Bc4 e6 6. a4 Nge7 7. e5 d5 8. exd6 Qxd6 9. d3 b6 10. Ne4 Qd8 11. 0-0 0-0 12. c3 Bb7 13. Qe2 Na5 14. Ne5 Nec6 15. Ng5 Nxc4 16. dxc4 Nxe5 17. fxe5 Qc7 18. Bf4 h6 19. Ne4 Bxe4 20. Qxe4 g5 21. Bg3 Rad8 22. h4 Qe7 23. hxg5 hxg5 24. Rf2 f5 25. exf6 Rxf6 26. Re2 Re8 27. Rae1 Kf7 28. Be5 Rg6 29. Rf1+ Bf6 30. Ref2 1-0

[Event "Amposta Calbet Memorial"]
[Site "Amposta"]
[Date "2016.06.04"]
[Round "8"]
[White "Llort Puig, Joan"]
[Black "Sola Sendra, Francesco"]
[Result "0-1"]
[WhiteElo "1861"]
[BlackElo "1833"]
[PlyCount "68"]
[EventDate "2016.04.16"]
[EventType "swiss"]
[EventRounds "8"]
[EventCountry "ESP"]
[SourceTitle "CBM 172 Extra"]
[Source "ChessBase"]
[SourceDate "2016.06.21"]
[SourceVersion "1"]
[SourceVersionDate "2016.06.21"]
[SourceQuality "1"]

1. e4 c5 2. Nf3 d6 3. d4 cxd4 4. Nxd4 Nf6 5. Nc3 a6 6. Be3 e6 7. a4 Be7 8. Be2 0-0 9. 0-0 Nbd7 10. Qd2 Qc7 11. f3 Ne5 12. b4 Nc4 13. Bxc4 Qxc4 14. b5 Bd7 15. Qd3 Rfc8 16. Qxc4 Rxc4 17. Nde2 Rac8 18. Bd2 d5 19. e5 Ne8 20. bxa6 bxa6 21. Rfb1 Bc5+ 22. Kf1 Bc6 23. Rb2 Ba7 24. a5 Nc7 25. Nd1 d4 26. c3 Bb5 27. cxd4 Nd5 28. Ne3 Nxe3+ 29. Bxe3 Rc2 30. Rxc2 Rxc2 31. Re1 h6 32. Kf2 Bb8 33. d5 Bxe5 34. Bb6 Bc3 0-1

[Event "Amposta Calbet Memorial"]
[Site "Amposta"]
[Date "2016.05.28"]
[Round "7"]
[White "Cases Arasa, Jordi"]
[Black "Llort Puig, Joan"]
[Result "1/2-1/2"]
[WhiteElo "1835"]
[BlackElo "1861"]
[PlyCount "108"]
[EventDate "2016.04.16"]
[EventType "swiss"]
[EventRounds "8"]
[EventCountry "ESP"]
[SourceTitle "CBM 172 Extra"]
[Source "ChessBase"]
[SourceDate "2016.06.21"]
[SourceVersion "1"]
[SourceVersionDate "2016.06.21"]
[SourceQuality "1"]

1. e4 c5 2. Nc3 Nc6 3. Bb5 e6 4. Bxc6 bxc6 5. f4 d5 6. d3 d4 7. Nce2 g6 8. Nf3 Bg7 9. 0-0 Ne7 10. Qe1 0-0 11. b3 f5 12. Ng3 Qc7 13. Bd2 a5 14. a4 Bd7 15. Bc1 Rfe8 16. Nd2 Ra6 17. Nc4 Nc8 18. Bd2 Nd6 19. Bxa5 Qb8 20. Nxd6 Qxd6 21. e5 Qb8 22. Bd2 Qa7 23. Kh1 Bf8 24. Ne2 Be7 25. Qg3 Ra8 26. Ng1 Qb8 27. Nf3 Qe8 28. Ng5 h6 29. Nf3 Qf7 30. Be1 Qg7 31. h4 Be8 32. Bd2 Bf7 33. Rae1 Rd8 34. Qf2 Rd7 35. Rg1 h5 36. g3 Qf8 37. Qe2 Qd8 38. Bc1 Kg7 39. Nd2 Ra8 40. Nc4 Rb7 41. Bd2 Qd5+ 42. Kh2 Rh8 43. Ra1 Qd8 44. Qd1 Ra7 45. a5 Ra6 46. Qe2 Qd5 47. Nb6 Qd8 48. Nc4 Qd5 49. Qg2 Qd8 50. Rgb1 Be8 51. Qe2 Bd7 52. Nb6 Be8 53. Qe1 Qb8 54. Nc4 Qd8 1/2-1/2